MARC

LEADER 00000cam a22000004a 4500
001 musev2_24348
003 MdBmJHUP
005 20230905042609.0
006 m o d
007 cr||||||||nn|n
008 130722s2013 nyu o 00 0 eng d
020 |a 9781438447261 
020 |z 9781438447254 
035 |a (OCoLC)853454256 
040 |a MdBmJHUP  |c MdBmJHUP 
245 0 0 |a From Every Mountainside :   |b Black Churches and the Broad Terrain of Civil Rights /   |c edited by R. Drew Smith. 
264 1 |a Albany :  |b State University of New York Press,  |c [2013] 
264 3 |a Baltimore, Md. :  |b Project MUSE,   |c 2013 
264 4 |c ©[2013] 
300 |a 1 online resource (381 pages):   |b illustrations 
336 |a text  |b txt  |2 rdacontent 
337 |a computer  |b c  |2 rdamedia 
338 |a online resource  |b cr  |2 rdacarrier 
505 0 |a Black church divisions and civil rights activism in Chicago / James R. Ralph, Jr. -- The NAACP, Black churches, and the struggle for Black empowerment in New Haven, 1955-1961 / Yohuru R. Williams -- Ruby Hurley, U.S. Protestantism, and NAACP student work, 1940-1950 / Rosetta E. Ross -- Black churches, Peoples Temple, and civil rights politics in San Francisco / James Lance Taylor -- Philadelphia's Opportunities Industrialization Center and the Black church's quest for economic justice / Juan M. Floyd-Thomas -- The Black Panther Party and the Black church / Steve McCutcheon, Judson L. Jeffries, Omari L. Dyson -- Racial discrimination and the radical politics of New York clergyman / Milton A. Galamison, Clarence Taylor -- Black clergy, educational fairness, and pursuit of the common good / R. Drew Smith -- Black churches and Black voter suppression in Florida and Ohio / Maurice Mangum -- African American Churches, health care, and the health reform debate / Larry G. Murphy -- The Obama administration, faith-based policy, and religious groups' hiring rights / David K. Ryden -- Black church burnings in the 1990s and faith-based responses / Katie Day -- Civil rights rhetoric in media coverage of marriage equality debates : Massachusetts and Georgia / Traci C. West -- The feminization of HIV/AIDS and passivity of Black church responses in Denver and beyond / Carroll Watkins Ali -- Black churches and African American opinion on immigration policy / R. Khari Brown -- Religious Others and a New Blackness in Post-9/11 California / James Lance Taylor. 
520 |a This book is a collection of essays on the civil rights movement outside the South and since the 1960s. 
588 |a Description based on print version record. 
650 7 |a Race relations  |x Religious aspects  |x Christianity.  |2 fast  |0 (OCoLC)fst01086528 
650 7 |a Race relations.  |2 fast  |0 (OCoLC)fst01086509 
650 7 |a Civil rights  |x Religious aspects  |x Christianity.  |2 fast  |0 (OCoLC)fst00862673 
650 7 |a Civil rights movements.  |2 fast  |0 (OCoLC)fst00862708 
650 7 |a African Americans  |x Civil rights.  |2 fast  |0 (OCoLC)fst00799575 
650 7 |a African American churches.  |2 fast  |0 (OCoLC)fst00799090 
650 7 |a POLITICAL SCIENCE  |x Political Freedom & Security  |x Human Rights.  |2 bisacsh 
650 7 |a POLITICAL SCIENCE  |x Political Freedom & Security  |x Civil Rights.  |2 bisacsh 
650 6 |a Relations raciales  |x Aspect religieux  |x Christianisme. 
650 6 |a Droits de l'homme  |x Aspect religieux  |x Christianisme. 
650 6 |a Mouvements des droits de l'homme  |z États-Unis  |x Histoire. 
650 6 |a Églises noires americaines  |x Histoire. 
650 6 |a Noirs americains  |x Droits. 
650 0 |a Race relations  |x Religious aspects  |x Christianity. 
650 0 |a Civil rights  |x Religious aspects  |x Christianity. 
650 0 |a Civil rights movements  |z United States  |x History. 
650 0 |a African American churches  |x History. 
650 0 |a African Americans  |x Civil rights. 
651 7 |a United States.  |2 fast  |0 (OCoLC)fst01204155 
651 6 |a États-Unis  |x Relations raciales. 
651 6 |a États-Unis  |x Histoire religieuse. 
651 0 |a United States  |x Race relations. 
651 0 |a United States  |x Church history. 
655 7 |a History.  |2 fast  |0 (OCoLC)fst01411628 
655 7 |a Church history.  |2 fast  |0 (OCoLC)fst01411629 
655 7 |a Electronic books.   |2 local 
700 1 |a Smith, R. Drew,  |d 1956- 
710 2 |a Project Muse.  |e distributor 
830 0 |a Book collections on Project MUSE. 
856 4 0 |z Texto completo  |u https://projectmuse.uam.elogim.com/book/24348/ 
945 |a Project MUSE - Custom Collection 
945 |a Project MUSE - 2013 History 
945 |a Project MUSE - 2013 American Studies 
945 |a Project MUSE - 2013 Complete